[Event "COL-ch U20"]
[Site "Bogota"]
[Date "2025.01.30"]
[Round "2"]
[White "Olaya, Horacio"]
[Black "Toro Suarez, Frank Sebastian"]
[Result "0-1"]
[WhiteElo "1707"]
[BlackElo "1585"]
[PlyCount "117"]
[EventDate "2025.01.29"]
[EventType "tourn"]
[EventRounds "9"]
[EventCountry "COL"]
[SourceTitle "CB06_2025"]
[SourceDate "2025.02.05"]
[SourceVersion "1"]
[SourceVersionDate "2025.02.05"]
[SourceQuality "1"]

1. e4 e5 2. Nf3 Nc6 3. Bc4 Nf6 4. d3 Bc5 5. c3 d6 6. b4 Bb6 7. a4 a5 8. b5 Ne7 9. 0-0 0-0 10. Nbd2 Ng6 11. Qb3 c6 12. bxc6 bxc6 13. Ba3 d5 14. exd5 cxd5 15. Bb5 e4 16. dxe4 dxe4 17. Ng5 Qxd2 18. Bxf8 Qxg5 19. Bd6 e3 20. Bc6 exf2+ 21. Kh1 Ra6 22. Rad1 h6 23. Qc4 Qg4 24. Qb5 Qf5 25. Bb8 Ne7 26. Bf3 Qc5 27. Qd3 Bc7 28. Bxc7 Qxc7 29. Rxf2 Re6 30. Re2 Rxe2 31. Qxe2 Be6 32. Qe3 Ned5 33. Bxd5 Nxd5 34. Qd3 Qxc3 35. Qxc3 Nxc3 36. Rd8+ Kh7 37. Ra8 Nxa4 38. Rxa5 Nc3 39. Kg1 Kg6 40. Kf2 Nd5 41. Kf3 Kf5 42. h3 h5 43. Rb5 h4 44. Ra5 g5 45. Rc5 Kg6 46. g3 hxg3 47. Kxg3 Kh5 48. Ra5 f5 49. Ra4 f4+ 50. Kh2 Kh4 51. Ra7 Bf5 52. Ra8 Bg6 53. Ra6 Bh5 54. Rd6 Ne3 55. Re6 Nd1 56. Re4 Nf2 57. Ra4 Nxh3 58. Kg2 g4 59. Kf1 0-1

[Event "COL-ch U20"]
[Site "Bogota"]
[Date "2025.01.30"]
[Round "3"]
[White "Toro Suarez, Frank Sebastian"]
[Black "Bustamante Herrera, Mateo"]
[Result "1-0"]
[WhiteElo "1585"]
[BlackElo "1821"]
[PlyCount "90"]
[EventDate "2025.01.29"]
[EventType "tourn"]
[EventRounds "9"]
[EventCountry "COL"]
[SourceTitle "CB06_2025"]
[SourceDate "2025.02.05"]
[SourceVersion "1"]
[SourceVersionDate "2025.02.05"]
[SourceQuality "1"]

1. e4 c5 2. Nc3 Nc6 3. f4 e6 4. Nf3 Nge7 5. Bc4 d5 6. Bb5 a6 7. Bxc6+ Nxc6 8. d3 Be7 9. 0-0 0-0 10. Qe1 b6 11. e5 Nb4 12. Qf2 d4 13. Ne4 Bb7 14. a3 Nd5 15. Qg3 Kh8 16. Qh3 Nc7 17. Nfg5 Bxe4 18. Nxe4 Qd5 19. f5 exf5 20. Rxf5 g6 21. Bg5 Bxg5 22. Rxg5 Ne6 23. Qh6 f5 24. exf6 Qd7 25. Rxg6 Rg8 26. Rxg8+ Rxg8 27. Rf1 Rg6 28. Qd2 Qf7 29. Qf2 Ng5 30. Nxg5 Rxg5 31. Qf4 Rg8 32. Qe5 Re8 33. Qd6 Re6 34. Qd8+ Qg8 35. Qxg8+ Kxg8 36. g4 Re2 37. Rf2 Re1+ 38. Kg2 Rb1 39. b3 b5 40. Rf5 Ra1 41. Rxc5 Rxa3 42. h4 Kf7 43. g5 Ra1 44. h5 Re1 45. Rc7+ Kg8 1-0